000 00851nam a2200253 a 4500
001 000041300
003 000041300
005 20140716092353.0
008 130930s sp c 001 0 spa d
040 _aBPMET
_bspa
_cBPMET
092 _axxxx
_bxxx
100 _4Taviani, Paolo Emilio
245 1 3 _aLa aventura de Cristobal Colón. /
_cPaolo Emilio Taviani
260 _aLa Habana :
_bCiencias Sociales
_c1989
300 _a220 p. :
_c21 cm.
500 _aIncluye datos biografícos del autor en la solapa de la portada
930 1 _lBND01
_mLF1
_820130930
_f01
_pCT
_g40544
942 _2ddc
_cBK
956 _aDGARCIA
_b10
_c20130930
_lBND01
_h1030
956 _aDGARCIA
_b10
_c20130930
_lBND01
_h1030
956 _aYLOCKWARD
_b10
_c20131003
_lBND01
_h1459
956 _aYLOCKWARD
_b10
_c20131003
_lBND01
_h1459
956 _aYLOCKWARD
_b10
_c20131003
_lBND01
_h1501
999 _c7171
_d7171